Political science for State Civil Services and other competitive examinations / (Record no. 51701)

MARC details
000 -LEADER
fixed length control field 03298nam a22004337a 4500
005 - DATE AND TIME OF LATEST TRANSACTION
control field 20110420112815.0
008 - FIXED-LENGTH DATA ELEMENTS--GENERAL INFORMATION
fixed length control field 110420t xxu||||| |||| 00| 0 eng d
010 ## - LCCN (DPL NO)
LC control number ENG-102248 B-454410-422
020 ## - INTERNATIONAL STANDARD BOOK NUMBER
International Standard Book Number 97890071074780
Terms of availability 450.00
020 ## - INTERNATIONAL STANDARD BOOK NUMBER
International Standard Book Number 0071074783
Terms of availability 450.00
035 ## - SYSTEM CONTROL NUMBER
System control number EN-85781
035 ## - SYSTEM CONTROL NUMBER
System control number B-454410-422
037 ## - SOURCE OF ACQUISITION
Source of stock number/acquisition DBAD/PUB
040 ## - CATALOGING SOURCE
Original cataloging agency dpl
Language of cataloging English
082 ## - DEWEY DECIMAL CLASSIFICATION NUMBER
Classification number 320
100 ## - MAIN ENTRY--PERSONAL NAME
Personal name Arora, N. D.
9 (RLIN) 27344
245 ## - TITLE STATEMENT
Title Political science for State Civil Services and other competitive examinations /
Statement of responsibility, etc by N. D. Arora
260 ## - PUBLICATION, DISTRIBUTION, ETC. (IMPRINT)
Place of publication, distribution, etc New Delhi
Name of publisher, distributor, etc Tata McGraw-Hill
Date of publication, distribution, etc 2011
270 ## - ADDRESS
Address 7 West Patel Nagar,
City New Delhi
Postal code 110008
300 ## - PHYSICAL DESCRIPTION
Extent Various pagings
Dimensions 24cm (pbk)
490 ## - SERIES STATEMENT
Series statement Tata McGraw-Hill's winning edge series
-- 1235
650 ## - SUBJECT ADDED ENTRY--TOPICAL TERM
9 (RLIN) 27345
942 ## - ADDED ENTRY ELEMENTS (KOHA)
Source of classification or shelving scheme Dewey Decimal Classification
Item type English Books
Classification part 320
Call number suffix ARO
Holdings
Withdrawn status Lost status Source of classification or shelving scheme Damaged status Not for loan Collection code Home library Current library Date acquired Source of acquisition Cost, normal purchase price Total Checkouts Full call number Barcode Date last seen Copy number Cost, replacement price Koha item type Checked out Total Renewals Public note
    Dewey Decimal Classification     Non-fiction Central Library Central Library 05/03/2012 Blueberry/06/15.9.11/7183/31.10.11/30.11.11 450.00 1 320 ARO B-454410 14/11/2018 1 450.00 English Books 28/11/2018    
    Dewey Decimal Classification   Not For Loan Non-fiction D.B.Act.Division D.B.Act.Division 20/04/2011 DBAD/PUB 450.00   320 ARO EN-85781 20/04/2011 1 450.00 English Books      
    Dewey Decimal Classification     Non-fiction Janak Puri Janak Puri 05/03/2012 Blueberry/06/15.9.11/7183/31.10.11/30.11.11 450.00 40 320 ARO B-454416 22/11/2021 1 450.00 English Books   12  
Written off   Dewey Decimal Classification     Non-fiction Karol Bagh Karol Bagh 05/03/2012 Blueberry/06/15.9.11/7183/31.10.11/30.11.11 450.00   320 ARO B-454420 05/03/2012 1 450.00 English Books     Written off on approval by DLB (By Circulation); dtd 15-06-2023
    Dewey Decimal Classification     Non-fiction Mobile Library Mobile Library 05/03/2012 Blueberry/06/15.9.11/7183/31.10.11/30.11.11 450.00   320 ARO B-454411 05/03/2012 1 450.00 English Books      
    Dewey Decimal Classification     Non-fiction Mobile Library Mobile Library 05/03/2012 Blueberry/06/15.9.11/7183/31.10.11/30.11.11 450.00   320 ARO B-454412 05/03/2012 1 450.00 English Books      
    Dewey Decimal Classification     Non-fiction Mobile Library Mobile Library 05/03/2012 Blueberry/06/15.9.11/7183/31.10.11/30.11.11 450.00   320 ARO B-454413 05/03/2012 1 450.00 English Books      
    Dewey Decimal Classification     Non-fiction Mobile Library Mobile Library 05/03/2012 Blueberry/06/15.9.11/7183/31.10.11/30.11.11 450.00   320 ARO B-454414 05/03/2012 1 450.00 English Books      
    Dewey Decimal Classification     Non-fiction Narela Narela 05/03/2012 Blueberry/06/15.9.11/7183/31.10.11/30.11.11 450.00   320 ARO B-454421 05/03/2012 1 450.00 English Books      
  Written-off vide DLB M. No. 383 dt 16.05.19 Dewey Decimal Classification     Non-fiction Patel Nagar Patel Nagar 05/03/2012 Blueberry/06/15.9.11/7183/31.10.11/30.11.11 450.00   320 ARO B-454415 05/03/2012 1 450.00 English Books      
    Dewey Decimal Classification     Non-fiction R.K.Puram-8 R.K.Puram-8 05/03/2012 Blueberry/06/15.9.11/7183/31.10.11/30.11.11 450.00 7 320 ARO B-454418 21/06/2024 1 450.00 English Books   2  
    Dewey Decimal Classification     Non-fiction Sarojini Nagar Sarojini Nagar 05/03/2012 Blueberry/06/15.9.11/7183/31.10.11/30.11.11 450.00 2 320 ARO B-454417 05/07/2019 1 450.00 English Books   1  
    Dewey Decimal Classification     Non-fiction Shahdara Branch Shahdara Branch 05/03/2012 Blueberry/06/15.9.11/7183/31.10.11/30.11.11 450.00   320 ARO B-454422 05/03/2012 1 450.00 English Books      
    Dewey Decimal Classification     Non-fiction Vinoba Puri Vinoba Puri 05/03/2012 Blueberry/06/15.9.11/7183/31.10.11/30.11.11 450.00 9 320 ARO B-454419 24/08/2013 1 450.00 English Books 07/09/2013 3  

© Delhi Public Library
Hit Counter
free hit counter